[Event "Ceske Budejovice op-B"]
[Site "Ceske Budejovice"]
[Date "2022.07.07"]
[Round "7"]
[White "Kouba, Petr"]
[Black "Sedivy, Karel"]
[Result "0-1"]
[WhiteElo "1696"]
[BlackElo "1655"]
[PlyCount "45"]
[EventDate "2022.07.01"]
[EventType "swiss"]
[EventRounds "9"]
[EventCountry "CZE"]
[SourceTitle "EXT 2023"]
[Source "ChessBase"]
[SourceDate "2022.10.05"]
[SourceVersion "1"]
[SourceVersionDate "2022.10.05"]
[SourceQuality "1"]

1. e4 c6 2. Nf3 d5 3. e5 Bg4 4. d4 e6 5. Be2 Nd7 6. h3 Bxf3 7. Bxf3 g6 8. Nc3 Bb4 9. Bd2 Ne7 10. a3 Ba5 11. b4 Bb6 12. Bg5 h6 13. Bh4 g5 14. Bg3 Nf5 15. Ne2 Nf8 16. c3 Ng6 17. a4 a5 18. Bg4 Ng7 19. f4 h5 20. Bf3 Nf5 21. Bh2 g4 22. hxg4 hxg4 23. Bg3 0-1